[Event "Vlissingen HZ op"]
[Site "Vlissingen"]
[Date "1997.??.??"]
[Round "3"]
[White "Ivanov, Mikhail M"]
[Black "Ikonnikov, Vyacheslav"]
[Result "1/2-1/2"]
[WhiteElo "2445"]
[BlackElo "2550"]

1.d4 Nf6 2.c4 e6 3.Nf3 Bb4+ 4.Nbd2 b6 5.g3 Bb7 6.Bg2 O-O 7.O-O Qc8 8.b3 d6
9.Bb2 Nbd7 10.Rc1 c5 11.Nb1 Qc7 12.a3 Ba5 13.Qd3 Be4 14.Qe3 Rac8 15.Rfd1 Rfd8
16.Bh3 h6 17.g4 Re8 18.g5 hxg5 19.Nxg5 Bg6 20.Bg2 Qb8 21.Qg3  1/2-1/2

[Event "Voronezh simul"]
[Site "Voronezh"]
[Date "1997.??.??"]
[Round "?"]
[White "Karpov, Anatoly"]
[Black "Kozlova, Olga"]
[Result "1/2-1/2"]
[WhiteElo "2760"]
[BlackElo "2240"]

1.d4 Nf6 2.c4 e6 3.Nf3 Bb4+ 4.Nbd2 O-O 5.a3 Bxd2+ 6.Qxd2 b6 7.g3 Bb7 8.Bg2 d6
9.b4 Nbd7 10.Bb2 c5 11.O-O Rc8 12.dxc5 dxc5 13.b5 Qc7 14.a4 Rfd8 15.Qc3 Ra8
16.Rad1 Ne8 17.Qe3 Nf8 18.a5 bxa5 19.Ba3 Rdc8 20.Ne5 Bxg2 21.Kxg2 Ng6 22.f4 Nd6
23.Bb2 Nf5 24.Qe4 Nd6  1/2-1/2

[Event "Zagorovsky mem"]
[Site "Voronezh"]
[Date "1997.??.??"]
[Round "?"]
[White "Toprover, Viktor G"]
[Black "Natapov, Geliy I"]
[Result "1-0"]
[WhiteElo "2330"]
[BlackElo "2305"]

1.d4 Nf6 2.c4 e6 3.Nf3 Bb4+ 4.Nbd2 O-O 5.e3 d5 6.a3 Be7 7.Bd3 c5 8.dxc5 Bxc5
9.b4 Be7 10.Bb2 b6 11.cxd5 exd5 12.Nd4 Re8 13.O-O Bd6 14.N2f3 Ne4 15.Rc1 a6
16.h3 Ra7 17.Qb3 Rae7 18.Rfd1 Bd7 19.Bxe4 Rxe4 20.Qc3  1-0

[Event "Walsall op"]
[Site "Walsall"]
[Date "1997.??.??"]
[Round "1"]
[White "Bellin, Jana"]
[Black "Cooper, Lawrence"]
[Result "0-1"]
[WhiteElo "2180"]
[BlackElo "2365"]

1.d4 Nf6 2.c4 e6 3.Nf3 Bb4+ 4.Nbd2 b6 5.a3 Bxd2+ 6.Bxd2 Bb7 7.Bg5 d6 8.e3 Nbd7
9.Be2 Qe7 10.Qa4 O-O 11.O-O h6 12.Bxf6 Nxf6 13.b4 Ne4 14.Qc2 f5 15.Rac1 a5
16.c5 axb4 17.axb4 Bd5 18.Bc4 Nf6 19.cxb6 cxb6 20.Qb3 b5 21.Bxd5 Nxd5 22.Ra1 Rxa1
23.Rxa1 Rc8 24.Nd2 Rc3 25.Qb1 Qb7 26.e4 Nf4 27.Qe1 Rd3 28.d5 fxe4 29.dxe6 e3
30.Nf3 e2 31.e7 Qxe7 32.g3 Qe4  0-1

[Event "Warsaw-ch"]
[Site "Warsaw"]
[Date "1997.??.??"]
[Round "4"]
[White "Radziewicz, Iweta"]
[Black "Adamski, Jan"]
[Result "1/2-1/2"]
[WhiteElo "2220"]
[BlackElo "2405"]

1.d4 Nf6 2.Nf3 e6 3.c4 Bb4+ 4.Nbd2 b6 5.e3 Bb7 6.Be2 O-O 7.O-O d5 8.cxd5 exd5
9.Qa4 Bd6 10.b4 a6 11.Bb2 Qe7 12.a3 Nbd7 13.Qc2 Ne4 14.Nxe4 dxe4 15.Nd2 b5
16.a4 Nf6 17.axb5 axb5 18.Ra5 c6 19.Bc3 Rfe8 20.Rfa1 Rad8 21.Nb3 Nd5 22.Nc5 Bc8
23.Bf1 h5 24.Be1 h4 25.Ra7 Bc7  1/2-1/2

[Event "Wuerttemberg-ch"]
[Site "Willsbach"]
[Date "1997.??.??"]
[Round "6"]
[White "Maurischat, Philipp"]
[Black "Klaus, Ingo"]
[Result "0-1"]
[WhiteElo "2035"]
[BlackElo "2125"]

1.d4 e6 2.Nf3 Nf6 3.c4 Bb4+ 4.Nbd2 c5 5.a3 Bxd2+ 6.Bxd2 cxd4 7.Nxd4 d5 8.cxd5 Qxd5
9.e3 O-O 10.Nb5 Na6 11.Qf3 Qxf3 12.gxf3 Rd8 13.Rc1 b6 14.b4 Bb7 15.e4 Rd7
16.Be3 Ne8 17.Bc4 Nac7 18.Ke2 Kf8 19.Nxc7 Nxc7 20.b5 f6 21.Bd2 Rad8 22.Bb4+ Kf7
23.Rhd1 g5 24.a4 g4 25.fxg4 Bxe4 26.Rxd7+ Rxd7 27.Bb3 Bd5 28.Bc2 Bc4+ 29.Kf3 h6
30.Rd1 Bd5+ 31.Kg3 Ne8 32.f4 Rc7 33.Bb1 Rc4 34.Bd2 Rxa4 35.f5 Rd4 36.Bc2 Bc4
37.Bxh6 Rxd1 38.Bxd1 Bxb5 39.Bb3 Bd7 40.Bf4 a5 41.Bd2 Nd6 42.h4 Ne4+  0-1

[Event "Weihnachts op-M 21th"]
[Site "Zuerich"]
[Date "1997.??.??"]
[Round "?"]
[White "Pelletier, Yannick"]
[Black "Leutwyler, Martin"]
[Result "1-0"]
[WhiteElo "2465"]
[BlackElo "2170"]

1.d4 Nf6 2.c4 e6 3.Nf3 Bb4+ 4.Nbd2 b6 5.e3 Bb7 6.Bd3 O-O 7.O-O d6 8.Qc2 Bxd2
9.Bxd2 c5 10.Bc3 Nbd7 11.Rad1 cxd4 12.Nxd4 a6 13.Nb3 Qc7 14.Bb4 Nc5 15.Nxc5 dxc5
16.Bc3 Ng4 17.g3 Qc6 18.e4 f5 19.Rde1 f4 20.Qd1 Nf6 21.f3 fxg3 22.hxg3 Rad8
23.Re3 Qc7 24.e5 Nh5 25.Qe1 Rd7 26.Qf2 Qd8 27.Rd1 Bc6 28.f4 Nxf4 29.gxf4 Qe8
30.Rh3 g6 31.Rf1 Ba8 32.Qe3 Rxd3 33.Qxd3 Qc6 34.Rh2  1-0

[Event "CRO-ch06"]
[Site "Pula"]
[Date "1998.01.10"]
[Round "2"]
[White "Cebalo, Miso"]
[Black "Zelcic, Robert"]
[Result "0-1"]
[WhiteElo "2515"]
[BlackElo "2540"]

1.Nf3 Nf6 2.c4 e6 3.d4 Bb4+ 4.Nbd2 b6 5.a3 Bxd2+ 6.Bxd2 Bb7 7.g3 O-O 8.Bg2 Be4
9.O-O d6 10.Bc3 Nbd7 11.Re1 d5 12.c5 c6 13.b4 Qc7 14.Bf1 bxc5 15.bxc5 Rfb8
16.Nd2 e5 17.e3 exd4 18.exd4 Nf8 19.Qa4 Qd7 20.f3 Bf5 21.Re3 Re8 22.Rae1 Rxe3
23.Rxe3 h5 24.Qd1 g5 25.Qe1 Ng6 26.Ba5 g4 27.Ba6 Rb8 28.Bb4 Nh7 29.Qe2 Ng5
30.f4 Ne6 31.Nb3 Be4 32.Qb2 f5 33.Nc1 Qg7 34.Ne2 Nc7 35.Bd3 a5  0-1

[Event "Cappelle op"]
[Site "Cappelle la Grande"]
[Date "1998.02.27"]
[Round "8"]
[White "Kempinski, Robert"]
[Black "Vlassov, Nikolai"]
[Result "0-1"]
[WhiteElo "2520"]
[BlackElo "2440"]

1.d4 Nf6 2.Nf3 e6 3.c4 Bb4+ 4.Nbd2 a5 5.e3 d6 6.Bd3 e5 7.O-O Qe7 8.Ne4 Nxe4
9.Bxe4 exd4 10.Qxd4 O-O 11.b3 Nc6 12.Qd3 f5 13.Bd5+ Kh8 14.Bxc6 bxc6 15.Bb2 Bd7
16.Qd4 a4 17.Rab1 axb3 18.axb3 Rab8 19.Qf4 Qf7 20.Rfd1 Rfe8 21.Qg3 h6 22.Bd4 Re4
23.h3 c5 24.Bb2 Bc6 25.Ra1 Kg8 26.Ra7 Re6 27.Nh4 Be4 28.Rd5 f4 29.exf4 Bxd5
30.cxd5 Re1+ 31.Kh2 Re7 32.Qg4 Kh7 33.Nf5 Rd7 34.Bxg7 h5 35.Qg5 Qg6 36.Ba1 Bd2
37.Qxg6+ Kxg6 38.Nh4+ Kf7 39.f5 Rxb3 40.Ra8 Bc3 41.Bxc3 Rxc3 42.Rh8 Kf6 43.f4 c4
44.Rh6+ Kg7 45.Rg6+ Kh7 46.Nf3 Rxf3 47.gxf3 Rf7 48.Re6 Rxf5 49.Re7+ Kg6 50.Rxc7 Rxf4
51.Rc6 Kf5 52.Rxd6 Ke5 53.Rh6 c3 54.d6 Rf7 55.d7 Rxd7 56.Rc6 Kd4 57.Kg3 Kd3
58.f4 Rd5 59.Kf2 c2  0-1

[Event "CZE-chT 9798"]
[Site "CZE"]
[Date "1998.04.04"]
[Round "10"]
[White "Votava, Jan"]
[Black "Voloshin, Leonid"]
[Result "1/2-1/2"]
[WhiteElo "2505"]
[BlackElo "2420"]

1.d4 Nf6 2.c4 e6 3.Nf3 Bb4+ 4.Nbd2 c5 5.a3 Bxd2+ 6.Bxd2 b6 7.Bg5 h6 8.Bh4 Bb7
9.e3 g5 10.Bg3 Ne4 11.Bd3 Nxg3 12.hxg3 Qf6 13.Be2 g4 14.Nh4 cxd4 15.Qxd4 Qxd4
16.exd4 Rg8 17.d5 a5 18.Rd1 Ke7 19.f3 h5 20.Rd4 f5 21.Bd3 Na6 22.Bxf5 exf5
23.Nxf5+ Kf6 24.Rxh5 Rh8 25.Rxh8 Rxh8 26.Rf4 gxf3 27.Nd6+ Ke7 28.Nxb7 Rh1+
29.Kf2 Rb1 30.gxf3 Rxb2+ 31.Ke3 Rb3+ 32.Ke4 Rxa3 33.g4 Ra1 34.g5 a4 35.g6 Rg1
36.Kf5 a3 37.Re4+ Kf8 38.Nd6 a2 39.Re8+ Kg7 40.Re7+ Kf8 41.Re8+ Kg7 42.Re7+ Kf8
43.Rf7+ Kg8 44.Ne4 a1=Q 45.Nf6+ Qxf6+ 46.Kxf6 Rf1 47.Ke5 Nc5 48.f4 Re1+ 49.Kd6 Re4
50.f5 Rxc4 51.f6 Rf4 52.Ke7 Re4+ 53.Kd8 Rg4 54.Ke7 Re4+ 55.Kd8 Rg4 56.Rg7+ Kf8
57.Kc7 Rf4 58.Rf7+ Kg8 59.d6 Ne4 60.Rg7+ Kf8 61.Rxd7 Rxf6 62.Rd8+ Kg7 63.d7 Nc5
64.Rg8+ Kh6 65.d8=N  1/2-1/2

[Event "Budapest FS04 IM"]
[Site "Budapest"]
[Date "1998.04.08"]
[Round "5"]
[White "Murzin, Lenar"]
[Black "Eperjesi, Laszlo"]
[Result "1/2-1/2"]
[WhiteElo "2240"]
[BlackElo "2365"]

1.d4 Nf6 2.c4 e6 3.Nf3 Bb4+ 4.Nbd2 d5 5.Qa4+ Nc6 6.a3 Bd6 7.e3 O-O 8.b4 Ne4
9.Bd3 f5 10.O-O Qe8 11.b5 Nd8 12.c5 Be7 13.Ne5 Bf6 14.Qc2 Bd7 15.Rb1 a6 16.c6 bxc6
17.Nxd7 Qxd7 18.bxa6 e5 19.Nb3 exd4 20.exd4 Ne6 21.Rd1 Bh4 22.g3 Be7 23.f3 N4g5
24.Kf2 g6 25.Re1  1/2-1/2

[Event "Metz op"]
[Site "Metz"]
[Date "1998.04.08"]
[Round "4"]
[White "Lerner, Konstantin Z"]
[Black "Bauer, Christian"]
[Result "1/2-1/2"]
[WhiteElo "2575"]
[BlackElo "2520"]

1.d4 Nf6 2.c4 e6 3.Nf3 Bb4+ 4.Nbd2 b6 5.e3 Bb7 6.Bd3 O-O 7.O-O c5 8.dxc5 Bxc5
9.a3 d5 10.b4 Be7 11.Bb2 a5 12.Rb1 axb4 13.axb4 Nc6 14.b5 Nb4 15.Be2 Ne4
16.cxd5 Bxd5 17.Nc4 Rc8 18.Nfd2 Nxd2 19.Nxd2 Ba2 20.Rc1 Rxc1 21.Qxc1 Nd3
22.Bxd3 Qxd3 23.Bxg7 Kxg7 24.Qb2+ Bf6 25.Qxa2 Qxb5 26.Ne4 Qb2 27.Qa7 Rd8
28.h3 Rd5 29.Qc7 Be5 30.Qe7 Bf6 31.Qb7 b5 32.Qc6 b4 33.Qc4 Be7 34.Qc7 Qe5
35.Qxe7 Qxe4 36.Rc1 b3 37.Rc7 Qf5 38.Rb7 Rb5 39.e4 Rxb7 40.Qxb7 Qe5 41.Qxb3 Qxe4  1/2-1/2

[Event "Dreifluesse op"]
[Site "Passau"]
[Date "1998.04.11"]
[Round "3"]
[White "Koutsin, Sergey"]
[Black "Schmidt, Martin"]
[Result "1-0"]
[WhiteElo "2400"]
[BlackElo "2190"]

1.d4 Nf6 2.c4 e6 3.Nf3 Bb4+ 4.Nbd2 b6 5.g3 Bb7 6.Bg2 O-O 7.O-O Re8 8.Qc2 c5
9.dxc5 Bxc5 10.e4 e5 11.b3 Nc6 12.Bb2 Qc7 13.Rad1 Rac8 14.Bc3 b5 15.Qb1 b4
16.Bb2 a5 17.Bh3 Ra8 18.Rfe1 Qb6 19.Re2 h5 20.Nf1 Nd4 21.Nxd4 exd4 22.Bg2 d5
23.e5 dxc4 24.bxc4 Bxg2 25.Kxg2 Rad8 26.h3 Qc6+ 27.f3 Nd7 28.Bxd4 Bxd4 29.Rxd4 Rc8
30.Qf5 Re6 31.Qxh5 Rce8 32.Rde4 Qc5 33.Rh4 Rh6 34.Qf5 Qxc4 35.Rxc4  1-0

[Event "Metz op"]
[Site "Metz"]
[Date "1998.04.12"]
[Round "8"]
[White "Zawadski, Stephane"]
[Black "Lehtivaara, Petri"]
[Result "0-1"]
[WhiteElo "2195"]
[BlackElo "2370"]

1.d4 Nf6 2.c4 e6 3.Nf3 Bb4+ 4.Nbd2 O-O 5.e3 d5 6.a3 Be7 7.Qc2 b6 8.cxd5 exd5
9.b4 Bb7 10.Bd3 Qd6 11.O-O Nbd7 12.a4 Rac8 13.Ba3 c6 14.Rfc1 Qb8 15.Qb1 Rfe8
16.h3 Bd6 17.Ra2 Re7 18.b5 c5 19.dxc5 bxc5 20.Rac2 Rce8 21.a5 c4 22.Bxd6 Qxd6
23.Bf1 Ne5 24.Nxe5 Qxe5 25.Nf3 Qh5 26.Qb2 Ne4 27.Qd4 Ng5 28.Nxg5 Qxg5 29.Qxa7 Bc8
30.Qc5 Bxh3 31.Rxc4 h5 32.Rd4 Be6 33.g3 Qe5 34.b6 g5 35.Qc7 Rxc7 36.Rxc7 h4
37.a6 hxg3 38.a7 gxf2+ 39.Kxf2 Bf5 40.Rc3 Qh2+ 41.Ke1 Qb2  0-1

[Event "GRE-chT"]
[Site "Poros"]
[Date "1998.04.20"]
[Round "1"]
[White "Haritakis, Theodoros"]
[Black "Papaioannou, Ioannis"]
[Result "0-1"]
[WhiteElo "2340"]
[BlackElo "2490"]

1.d4 Nf6 2.c4 e6 3.Nf3 Bb4+ 4.Nbd2 b6 5.a3 Bxd2+ 6.Bxd2 Bb7 7.Bg5 d6 8.e3 Nbd7
9.Be2 h6 10.Bh4 Qe7 11.O-O e5 12.dxe5 dxe5 13.b4 O-O 14.Qb3 c5 15.Rfd1 g5
16.Bg3 Ne4 17.Nd2 Nxg3 18.hxg3 f5 19.Nb1 Nf6 20.Nc3 f4 21.Nd5 Qg7 22.exf4 gxf4
23.bxc5 Ne4 24.gxf4 Nxc5 25.Qg3 exf4 26.Ne7+ Kh8 27.Ng6+ Kg8 28.Ne7+ Kh7
29.Bd3+ Nxd3 30.Qxg7+ Kxg7 31.Rxd3 Ba6 32.Rc1 Rad8 33.Nd5 Rc8 34.Nb4 Bxc4
35.Rd7+ Rf7 36.Rxf7+ Kxf7 37.Nd3 Be6 38.Rxc8 Bxc8 39.Nxf4 Kf6 40.g3 Ke5 41.Kf1 Kd4
42.Ke2 Kc3 43.Nd5+ Kb3 44.Ne7 Bd7 45.Ng8 h5 46.Nf6 Be6 47.f3 Bf7 48.g4 hxg4
49.fxg4 Kxa3 50.g5 Kb2 51.Ng4  0-1

[Event "GRE-chT"]
[Site "Poros"]
[Date "1998.04.24"]
[Round "7"]
[White "Vragoteris, Antonios"]
[Black "Gogolis, Alexandros"]
[Result "1-0"]
[WhiteElo "2335"]
[BlackElo "2285"]

1.d4 Nf6 2.c4 e6 3.Nf3 Bb4+ 4.Nbd2 b6 5.a3 Bxd2+ 6.Bxd2 Bb7 7.Bg5 d6 8.e3 Nbd7
9.Qc2 h6 10.Bh4 Qe7 11.Rd1 a5 12.Bd3 O-O 13.O-O Rfe8 14.Nd2 c5 15.Ne4 cxd4
16.exd4 Bxe4 17.Bxe4 Rac8 18.Bh7+ Kh8 19.Bd3 d5 20.Qe2 dxc4 21.Bxc4 Qd6 22.Ba6 Ra8
23.Bb7 Ra7 24.Bg3 Qe7 25.Bc6 Rc8 26.Rc1 Nb8 27.Bf3 Qd7 28.Qe5 Na6 29.Bf4 Nc7
30.Bxh6 Nce8 31.Rxc8 Qxc8 32.Bf4 Rd7 33.Qb5 Qd8 34.Be5 Nd5 35.h3 f6 36.Bg3 Qc8
37.Re1 Nd6 38.Bxd6 Rxd6 39.Bxd5 Rxd5 40.Qxb6 Qd7 41.Re4 Rb5 42.Qa6 Rb8 43.Qxa5 Rxb2
44.Qa8+ Kh7 45.Rh4+ Kg6 46.Qh8 Rb1+ 47.Kh2 Qd6+ 48.g3 f5  1-0

[Event "Zepter op"]
[Site "Minsk"]
[Date "1998.04.28"]
[Round "4"]
[White "Malaniuk, Vladimir P"]
[Black "Romanov, Oleg"]
[Result "1-0"]
[WhiteElo "2600"]
[BlackElo "2410"]

1.Nf3 e6 2.c4 Nf6 3.d4 Bb4+ 4.Nbd2 O-O 5.a3 Be7 6.e3 b6 7.Bd3 Bb7 8.O-O c5
9.dxc5 bxc5 10.Qc2 a5 11.Rd1 d6 12.Ng5 h6 13.Nh7 Nxh7 14.Bxh7+ Kh8 15.Be4 Nc6
16.Nb1 Qb6 17.Nc3 f5 18.Bf3 Rab8 19.Rb1 Ba6 20.b3 Ne5 21.Be2 Bb7 22.f4 Qc6
23.Bf1 Ng4 24.Rd3 Bh4 25.Nd1 Rbd8 26.Bb2 Rd7 27.Bc3 Bd8 28.Nf2 Nf6 29.Rbd1 Bc7
30.R3d2 Rff7 31.Qb2 Kh7 32.b4 axb4 33.axb4 cxb4 34.Qxb4 Ne4 35.Nxe4 Qxe4
36.Re1 Bd8 37.Bd3 Qc6 38.e4 Bb6+ 39.Kh1 Bc5 40.Qb1 g6 41.exf5 exf5 42.Re8 Rg7
43.Bxf5  1-0

[Event "Zepter op"]
[Site "Minsk"]
[Date "1998.04.29"]
[Round "5"]
[White "Burmakin, Vladimir"]
[Black "Rashkovsky, Nukhim N"]
[Result "1/2-1/2"]
[WhiteElo "2550"]
[BlackElo "2505"]

1.d4 Nf6 2.c4 e6 3.Nf3 Bb4+ 4.Nbd2 d5 5.cxd5 exd5 6.Qa4+ Nc6 7.Ne5 Bd7 8.Nxc6 Bxd2+
9.Bxd2 Bxc6 10.Qa3 Ne4 11.Be3 a5  1/2-1/2

[Event "Garcia mem Masters"]
[Site "Santa Clara"]
[Date "1998.06.05"]
[Round "10"]
[White "Santa Torres, Juan"]
[Black "Andonovski, Ljubisa"]
[Result "1/2-1/2"]
[WhiteElo "2245"]
[BlackElo "2395"]

1.d4 Nf6 2.c4 e6 3.Nf3 Bb4+ 4.Nbd2 d5 5.a3 Be7 6.e3 O-O 7.Bd3 b6 8.O-O Bb7
9.Qc2 Nbd7 10.e4 dxe4 11.Nxe4 Nxe4 12.Bxe4 Bxe4 13.Qxe4 c5 14.Rd1 cxd4 15.Rxd4 Nc5
16.Qc2 Qe8 17.Bg5  1/2-1/2

[Event "SVK-ch"]
[Site "Prievidza"]
[Date "1998.07.01"]
[Round "5.13"]
[White "Certek, Pavel"]
[Black "Detko, Jan"]
[Result "1/2-1/2"]
[WhiteElo "2255"]
[BlackElo "2120"]

1.d4 Nf6 2.c4 e6 3.Nf3 Bb4+ 4.Nbd2 O-O 5.e3 b6 6.Bd3 Bb7 7.O-O Bxd2 8.Nxd2 d6
9.b3 c5 10.Bb2 Qe7 11.Rc1 e5 12.d5 Nbd7 13.Qc2 Rfb8 14.Bf5 Nf8 15.Rfe1 Ne8
16.Bh3 Bc8 17.Bxc8 Rxc8 18.f4 f6 19.Ne4 Nc7 20.fxe5 fxe5 21.Rf1 Nd7 22.Rf3 Rf8
23.Rcf1 Rxf3 24.Rxf3 Rf8 25.Qf2 Rxf3 26.Qxf3 Ne8 27.Bc3 Qf7 28.Qh3 Ndf6 29.Ng3 Qd7
30.Qxd7 Nxd7 31.Kf2 Kf7 32.Kf3 Kg6 33.Be1 Ndf6 34.h3 Kf7 35.Ne2 g5 36.Nc3 Nc7
37.g4 Kg6 38.Bg3 h6 39.Be1 Kf7 40.e4 Kg6 41.Nd1 Nce8 42.Ne3 Ng7 43.b4 Kf7
44.bxc5 bxc5 45.h4 Kg6 46.hxg5 hxg5 47.Ba5 Nd7 48.Bd8 Nb6 49.Bxb6 axb6 50.Nf5 Nxf5
51.gxf5+ Kh5 52.Kg3 g4 53.a3 Kg5 54.Kf2 Kh5 55.Kg2 Kh6 56.Kg1 Kh5 57.Kf1 Kh6
58.Ke2 Kh5 59.Kf2 Kh6 60.Kg2 Kh5 61.Kh2 Kh6 62.Kg3 Kg5 63.f6 Kxf6 64.Kxg4 Kg6
65.a4 Kf6 66.Kh5 Kf7 67.Kh6 Kf6 68.Kh5 Kf7 69.Kg5 Kg7 70.Kf5  1/2-1/2

[Event "Lost Boys op"]
[Site "Antwerp"]
[Date "1998.07.06"]
[Round "6"]
[White "Sokolov, Ivan"]
[Black "Seul, Georg"]
[Result "1-0"]
[WhiteElo "2625"]
[BlackElo "2435"]

1.d4 Nf6 2.c4 e6 3.Nf3 Bb4+ 4.Nbd2 d5 5.Qa4+ Nc6 6.a3 Bxd2+ 7.Bxd2 Ne4 8.Rd1 O-O
9.g3 a5 10.Bg2 Bd7 11.Qc2 Be8 12.O-O f6 13.Be3 Nd6 14.cxd5 exd5 15.Nd2 Ne7
16.Bf4 Bg6 17.Qc5 b6 18.Qc1 Kh8 19.Nb1 Qd7 20.Nc3 Bf7 21.Rfe1 Rfe8 22.a4 c6
23.Qc2 Ng6 24.Bc1 Be6 25.f3 Bh3 26.Bh1 Nf5 27.e3 Nd6 28.b3 Rad8 29.Ba3 Bf5
30.Qf2 Be6 31.Rc1 Nf8 32.Nd1 Bf7 33.Bg2 Bg6 34.Qd2 Ne6 35.Nf2 Bh5 36.Nd3 Bg6
37.Rc3 Rc8 38.Rec1 Bf5 39.g4 Bg6 40.h3 Nf8 41.Nf4 Bf7 42.Qc2 g5 43.Ne2 Bg6
44.Qd2 Ne6 45.Qe1 Nd8 46.Qf2 Kg8 47.Ng3 N8f7 48.f4 f5 49.Bxd6 Nxd6 50.Rxc6 Ne4
51.Rxc8 Nxf2 52.Rxe8+ Bxe8 53.Kxf2 fxg4 54.hxg4 gxf4 55.Nf5 fxe3+ 56.Kxe3 Kh8
57.Kd2 Bg6 58.Ne3 Be4 59.Bxe4 dxe4 60.d5 Qf7 61.Rc8+ Kg7 62.Nf5+ Kf6 63.Rc6+ Kg5
64.Re6 h5 65.Re5 Qf6 66.Nd6+ Kxg4 67.Rxe4+ Kg3 68.Re3+ Kg4 69.Nc4 Qf2+ 70.Kd3 Qf1+
71.Kd4 Qa1+ 72.Ke4 Qh1+ 73.Ke5 h4 74.d6 Qc6 75.Kf6 Qd5 76.Re5 Qd4 77.Ne3+ Kf3
78.Nf5 Qb4 79.d7 Qf8+ 80.Ke6 h3 81.Nd4+ Kg4 82.Re4+ Kg5 83.Nf3+ Kh6 84.Rh4+ Kg6
85.Ne5+ Kg7 86.Rxh3 Qf6+ 87.Kd5 Qe7 88.Rg3+  1-0

[Event "Politiken Cup"]
[Site "Copenhagen"]
[Date "1998.07.12"]
[Round "8"]
[White "Gormally, Daniel"]
[Black "Adamski, Jan"]
[Result "1/2-1/2"]
[WhiteElo "2415"]
[BlackElo "2345"]

1.d4 Nf6 2.c4 e6 3.Nf3 Bb4+ 4.Nbd2 b6 5.a3 Bxd2+ 6.Bxd2 h6 7.g3 Bb7 8.Bg2 O-O
9.O-O d6 10.Rc1 Nbd7 11.b4 Ne4 12.Bf4 Qe7 13.Qc2 f5 14.d5 e5 15.Be3 g5 16.Nd2 Nxd2
17.Bxd2 f4 18.f3 Nf6 19.e3 fxe3 20.Bxe3 Qh7 21.Qd2 Rae8 22.f4 Ng4 23.fxe5 Rxf1+
24.Rxf1 Nxe5 25.Qc3 Ba6 26.b5 Bc8 27.Bd4 Bd7 28.h3 Nd3 29.Qd2 Ne5 30.Qf2 Qg7
31.Qb2 Qh7 32.Qf2 Qg7 33.Qb2  1/2-1/2

[Event "Saitek US Masters"]
[Site "Hawaii"]
[Date "1998.07.21"]
[Round "1"]
[White "Whitehead, Jay E"]
[Black "Shtern, Igor"]
[Result "1-0"]
[WhiteElo "2410"]
[BlackElo "2265"]

1.d4 Nf6 2.c4 e6 3.Nf3 Bb4+ 4.Nbd2 c5 5.a3 Bxd2+ 6.Bxd2 cxd4 7.Nxd4 Nc6 8.Nxc6 dxc6
9.Bb4 Qxd1+ 10.Rxd1 e5 11.f3 Be6 12.e3 Nd7 13.Kf2 O-O-O 14.Be7 Rde8 15.Bd6 h5
16.h4 e4 17.c5 Bd5 18.Rd4 Nf6 19.Rg1 Re6 20.Be2 Rhe8 21.Bf4 g6 22.b4 Nd7
23.Rb1 Kd8 24.Rc1 a6 25.Rcd1 Kc8 26.R1d2 Rf6 27.Rd1 Nf8 28.Bd6 Ne6 29.R4d2 Ng7
30.f4 Nf5 31.Be5 Rfe6 32.a4 f6 33.Bc3 Nxh4 34.b5 axb5 35.axb5 R8e7 36.Ra1 Kd7
37.bxc6+ bxc6 38.Ra8 Kc7 39.Rb2 Re8 40.Ba5+  1-0

[Event "MK Cafe Cup-A"]
[Site "Koszalin"]
[Date "1998.08.04"]
[Round "2"]
[White "Czerwonski, Aleksander"]
[Black "Khasin, Alexander"]
[Result "0-1"]
[WhiteElo "2390"]
[BlackElo "2500"]

1.d4 Nf6 2.c4 e6 3.Nf3 Bb4+ 4.Nbd2 O-O 5.a3 Be7 6.e3 c5 7.dxc5 a5 8.Rb1 Bxc5
9.b4 axb4 10.axb4 Be7 11.Be2 Na6 12.Qa4 d5 13.c5 Bd7 14.Qc2 Nc7 15.b5 Rc8
16.Ne5 Na8 17.c6 bxc6 18.Nxc6 Bxc6 19.bxc6 Qd6 20.Bb5 Nc7 21.Ba4 Na6 22.O-O Nb4
23.Qc3 Nxc6 24.Rb6 Nb4 25.Rxd6 Rxc3 26.Rb6 Nd3 27.Bb2 Nxb2 28.Rxb2 Ra8 29.Bc2 g6
30.Nf3 Rac8 31.Bb1 Ne8 32.g3 Nd6 33.Kg2 Bf6 34.Ra2 Kg7 35.h4 Nb5 36.Rb2 R8c5
37.Rb4 h6 38.Ne1 Na3 39.Bd3 e5 40.Rb7 e4 41.Be2 Nc4 42.h5 g5 43.Bg4 Ne5 44.Bf5 g4  0-1

[Event "MK Cafe Cup-A"]
[Site "Koszalin"]
[Date "1998.08.06"]
[Round "4"]
[White "Adianto, Utut"]
[Black "Nikcevic, Nebojsa"]
[Result "1-0"]
[WhiteElo "2610"]
[BlackElo "2480"]

1.d4 Nf6 2.c4 e6 3.Nf3 Bb4+ 4.Nbd2 b6 5.a3 Bxd2+ 6.Bxd2 Bb7 7.Bg5 d6 8.e3 Nbd7
9.Nd2 c5 10.f3 O-O 11.Bd3 cxd4 12.exd4 d5 13.cxd5 Bxd5 14.O-O Qb8 15.Qe1 h6
16.Be3 Rc8 17.Qh4 Qc7 18.Ne4 Qd8 19.Qg3 Nh5 20.Qh3 Nhf6 21.Rf2 Bc4 22.Bc2 Nd5
23.Bd2 Ba6 24.Rc1 Nf8 25.Qg3 Kh8 26.Nd6 Rc7 27.Be4 Rd7 28.Bxd5 exd5 29.Bf4 Ne6
30.Rc6 Qf8 31.Qg4 Rad8 32.Nf5 Bd3 33.Be5 Bxf5 34.Qxf5 Qg8 35.g4 Re8 36.h4 f6
37.Bxf6 gxf6 38.Qxf6+ Kh7 39.Re2 Rf7 40.Qe5 Ng7 41.g5  1-0

[Event "Energy Cup"]
[Site "Olomouc"]
[Date "1998.08.10"]
[Round "3"]
[White "Orsag, Milan"]
[Black "Ptacnikova, Lenka"]
[Result "1/2-1/2"]
[WhiteElo "2405"]
[BlackElo "2260"]

1.d4 Nf6 2.Nf3 e6 3.c4 Bb4+ 4.Nbd2 d5 5.Qc2 O-O 6.a3 Be7 7.e4 dxe4 8.Nxe4 Nc6
9.Be3 Ng4 10.Qd2 f5  1/2-1/2

[Event "Elista ol (Men)"]
[Site "Elista"]
[Date "1998.10.06"]
[Round "8"]
[White "Kempinski, Robert"]
[Black "Daly, Colin"]
[Result "0-1"]
[WhiteElo "2545"]
[BlackElo "2295"]

1.d4 Nf6 2.c4 e6 3.Nf3 Bb4+ 4.Nbd2 d5 5.a3 Be7 6.e3 O-O 7.Bd3 c5 8.dxc5 Bxc5
9.b4 Bd6 10.Bb2 a5 11.b5 Nbd7 12.O-O Qe7 13.Qb1 Re8 14.e4 dxe4 15.Nxe4 Nxe4
16.Bxe4 g6 17.Qc1 Nc5 18.Bc2 f6 19.Rd1 e5 20.Qe3 Be6 21.Nd2 Rac8 22.Rac1 Bf7
23.h4 f5 24.Nf3 f4 25.Qc3 Qc7 26.Ng5 Bf8 27.h5 Bg7 28.hxg6 Bxg6 29.Bxg6 hxg6
30.Qc2 e4 31.Bxg7 Qxg7 32.Rd6 Re5 33.Nh3 Rf8 34.Rcd1 g5 35.f3 g4 36.fxg4 Qxg4
37.R1d5 Rfe8 38.Qd2 e3 39.Rxe5 exd2 40.Rxe8+ Kf7 41.Nf2 Qg3 42.Rdd8 Ne6 43.Rxe6 Kxe6
44.Rxd2 Qe3 45.Rd1 Qe2 46.Rc1 b6 47.c5 bxc5 48.b6 Kd7 49.b7 Kc7 50.Rxc5+ Kxb7
51.Rc1 a4 52.Rb1+ Ka6 53.Nh3 f3 54.gxf3 Qxf3 55.Nf2 Qxa3 56.Kf1 Qc3 57.Rd1 a3  0-1

[Event "Elista ol (Men)"]
[Site "Elista"]
[Date "1998.10.07"]
[Round "9"]
[White "Grivas, Efstratios"]
[Black "Kurajica, Bojan"]
[Result "1/2-1/2"]
[WhiteElo "2520"]
[BlackElo "2570"]

1.d4 Nf6 2.Nf3 e6 3.c4 Bb4+ 4.Nbd2 b6 5.g3 Bb7 6.Bg2 O-O 7.O-O d5 8.cxd5 exd5
9.Ne5 Re8 10.Ndf3 Ne4 11.Be3 Bd6 12.Nd3 c5 13.dxc5 bxc5 14.Rc1 Na6 15.Nd2 d4
16.Bf4 Bxf4 17.Nxf4  1/2-1/2

[Event "Elista ol (Men)"]
[Site "Elista"]
[Date "1998.10.10"]
[Round "11"]
[White "Ionescu, Constantin"]
[Black "Macieja, Bartlomiej"]
[Result "1/2-1/2"]
[WhiteElo "2515"]
[BlackElo "2490"]

1.d4 Nf6 2.c4 e6 3.Nf3 Bb4+ 4.Nbd2 b6 5.g3 Bb7 6.Bg2 O-O 7.O-O c5 8.dxc5 Bxc5
9.b3 d5 10.cxd5 Bxd5 11.Bb2 Nbd7 12.a3 a5 13.Qb1 Bb7 14.b4 axb4 15.axb4 Rxa1
16.Bxa1 Be7 17.Nd4 Bxg2 18.Kxg2 Qa8+ 19.N2f3 b5 20.Rc1 Rc8 21.Nxb5  1/2-1/2

[Event "Elista ol (Men)"]
[Site "Elista"]
[Date "1998.10.12"]
[Round "13"]
[White "Kozul, Zdenko"]
[Black "Bogdanovski, Vlatko"]
[Result "1/2-1/2"]
[WhiteElo "2570"]
[BlackElo "2515"]

1.d4 Nf6 2.c4 e6 3.Nf3 Bb4+ 4.Nbd2 b6 5.a3 Bxd2+ 6.Qxd2 Bb7 7.e3 O-O 8.Be2 d6
9.O-O Nbd7 10.Ne1 c5 11.f3 cxd4 12.Qxd4 Nc5 13.Bd1 Rc8 14.b4 e5 15.Qb2 Ne6
16.Be2 e4 17.f4 d5 18.cxd5 Bxd5 19.f5 Nc7 20.Nc2 Nce8 21.b5 Nd6 22.Nb4 Bb7
23.Qe5 Rc5 24.Qg3 Nxb5 25.Bxb5 Rxb5 26.Bb2 a5 27.Rad1 Qe7 28.Bxf6 Qxf6 29.Rd6 Qe5
30.Qxe5 Rxe5 31.Nc2 Ba6 32.Rf2 Rb5 33.g4 Rb3 34.Rfd2 h6 35.Kf2 Rb2 36.Ne1 Rb3
37.a4 Rc8 38.Ng2 Rc1 39.Rd8+ Kh7 40.Rf8 Rf1+ 41.Kg3 Rf3+ 42.Kh4 Bf1 43.Rxf7 Rbxe3
44.g5 hxg5+ 45.Kxg5 Rd3 46.Rc2 Bxg2 47.Rcc7 Bh3 48.Rxg7+ Kh8 49.Rgf7 Kg8
50.Rg7+ Kf8 51.Rh7 Rxf5+ 52.Kh4 Rf4+ 53.Kg5 Rg4+ 54.Kf6 Rf3+ 55.Ke5 Rg8 56.Kxe4 Ra3
57.Ke5  1/2-1/2

[Event "BL2-W9899"]
[Site "Germany"]
[Date "1998.10.18"]
[Round "1.6"]
[White "Grooten, Herman"]
[Black "Becking, Stephan"]
[Result "1-0"]
[WhiteElo "2395"]
[BlackElo "2205"]

1.d4 Nf6 2.c4 e6 3.Nf3 Bb4+ 4.Nbd2 O-O 5.a3 Bxd2+ 6.Bxd2 Ne4 7.Bf4 d6 8.e3 f5
9.Bd3 b6 10.Bxe4 fxe4 11.Nd2 d5 12.Qc2 Rf7 13.Rc1 c6 14.f3 exf3 15.Nxf3 h6
16.Ne5 Rf6 17.O-O Bb7 18.Ng4 Rf5 19.Bxh6 Bc8 20.Bf4 dxc4 21.Ne5 b5 22.g4 Rf6
23.h4 Bb7 24.Bg5 Rxf1+ 25.Rxf1 Qd5 26.Ng6  1-0

[Event "Trier"]
[Site "Trier"]
[Date "1998.10.20"]
[Round "2"]
[White "Koutsin, Sergey"]
[Black "Becker, Marc"]
[Result "1-0"]
[WhiteElo "2415"]
[BlackElo "2420"]

1.d4 Nf6 2.Nf3 e6 3.c4 Bb4+ 4.Nbd2 d6 5.g3 Nc6 6.a3 Bxd2+ 7.Qxd2 O-O 8.Bg2 a5
9.b3 Qe7 10.O-O e5 11.d5 Nb8 12.Bb2 h6 13.Qc2 c6 14.dxc6 Nxc6 15.Nh4 Be6
16.Nf5 Qc7 17.Rad1 Rfd8 18.Rd2 Ne7 19.Nxe7+ Qxe7 20.a4 Qc7 21.Rfd1 Rac8 22.Qb1 Rd7
23.h3 Rcd8 24.e4 Qc6 25.Kh2 Ne8 26.f4 exf4 27.gxf4 Qc7 28.Kh1 f6 29.Bd4 Bf7
30.Qd3 b6 31.Qe3 Rb8 32.Qg3 Re7 33.Bf3 Kh8 34.Rg1 Bg8 35.Re2 Qd7 36.Bb2 b5
37.axb5 a4 38.bxa4 Bxc4 39.Rd2 Qa7 40.e5 Qe3 41.Rd4 Be2 42.Bc6 Qxg3 43.Rxg3 dxe5
44.Re4 Bd1 45.fxe5 fxe5 46.Rxe5 Rxe5 47.Bxe5 Rd8 48.a5  1-0